[Event "U12 Polish Youth Championship"]
[Site "chess24.com"]
[Date "2018.05.02"]
[Round "5"]
[White "Nowicki, Filip"]
[Black "Bancarewicz, Aleks"]
[Result "1-0"]
[Board "13"]
[WhiteElo "1511"]
[WhiteCountry "POL"]
[WhiteFideId "21835993"]
[WhiteEloChange "15"]
[BlackElo "1708"]
[BlackCountry "POL"]
[BlackFideId "21838550"]
[BlackEloChange "-15"]

1. e4 {[%clk 1:30:57]} c5 {[%clk 1:30:54]} 2. Nc3 {[%clk 1:31:21]} d6 {[%clk
1:30:36]} 3. f4 {[%clk 1:28:50]} Nc6 {[%clk 1:29:35]} 4. Bb5 {[%clk 1:27:11]} e6
{[%clk 1:24:17]} 5. Bxc6+ {[%clk 1:26:01]} bxc6 {[%clk 1:24:34]} 6. Nf3 {[%clk
1:25:29]} Ne7 {[%clk 1:22:16]} 7. d3 {[%clk 1:23:34]} Rb8 {[%clk 1:09:20]} 8. O-O
{[%clk 1:17:26]} g6 {[%clk 1:02:05]} 9. e5 {[%clk 1:11:21]} d5 {[%clk 1:02:01]}
10. b3 {[%clk 1:08:51]} h5 {[%clk 0:52:25]} 11. Na4 {[%clk 1:01:36]} Nf5 {[%clk
0:51:33]} 12. c4 {[%clk 0:49:06]} Ba6 {[%clk 0:32:49]} 13. Qd2 {[%clk 0:46:01]}
dxc4 {[%clk 0:21:16]} 14. dxc4 {[%clk 0:45:29]} Qxd2 {[%clk 0:16:30]} 15. Bxd2
{[%clk 0:44:19]} Nd4 {[%clk 0:14:54]} 16. Rad1 {[%clk 0:39:36]} Nf5 {[%clk
0:10:51]} 17. Bc1 {[%clk 0:33:21]} Rb4 {[%clk 0:09:04]} 18. Nc3 {[%clk 0:30:23]}
Rb8 {[%clk 0:06:05]} 19. Ne4 {[%clk 0:29:25]} Be7 {[%clk 0:06:27]} 20. Rd3 {[%clk
0:28:18]} Rd8 {[%clk 0:04:46]} 21. Rfd1 {[%clk 0:26:20]} Nd4 {[%clk 0:04:25]} 22.
Nxd4 {[%clk 0:25:58]} cxd4 {[%clk 0:04:43]} 23. Rxd4 {[%clk 0:25:33]} Rxd4 {[%clk
0:04:51]} 24. Rxd4 {[%clk 0:25:58]} c5 {[%clk 0:05:13]} 25. Rd1 {[%clk 0:25:11]}
Bb7 {[%clk 0:04:11]} 26. Nd6+ {[%clk 0:18:59]} Bxd6 {[%clk 0:04:25]} 27. Rxd6
{[%clk 0:19:06]} Ke7 {[%clk 0:04:23]} 28. f5 {[%clk 0:18:40]} Rc8 {[%clk
0:03:52]} 29. Bg5+ {[%clk 0:16:11]} Kf8 {[%clk 0:02:46]} 30. fxe6 {[%clk
0:13:16]} fxe6 {[%clk 0:02:36]} 31. Rd7 {[%clk 0:12:03]} Be4 {[%clk 0:02:24]} 32.
Rxa7 {[%clk 0:12:06]} Bb1 {[%clk 0:02:15]} 33. Be7+ {[%clk 0:11:14]} Ke8 {[%clk
0:02:19]} 34. Bd6 {[%clk 0:11:26]} Kd8 {[%clk 0:01:28]} 35. Kf2 {[%clk 0:11:01]}
Be4 {[%clk 0:01:23]} 36. g3 {[%clk 0:10:56]} Ra8 {[%clk 0:00:39]} 37. Rxa8+
{[%clk 0:10:32]} Bxa8 {[%clk 0:01:06]} 38. Bxc5 {[%clk 0:10:54]} Be4 {[%clk
0:01:32]} 39. b4 {[%clk 0:07:08]} Bd3 {[%clk 0:01:47]} 40. Bb6+ {[%clk 0:07:23]}
Kd7 {[%clk 0:02:04]} 41. c5 {[%clk 0:07:33]} Bc2 {[%clk 0:01:26]} 42. Ke3 {[%clk
0:07:16]} Kc6 {[%clk 0:01:36]} 43. Kd4 {[%clk 0:07:19]} Kb5 {[%clk 0:01:42]} 44.
Ke3 {[%clk 0:04:42]} Bd1 {[%clk 0:00:34]} 45. Kf4 {[%clk 0:03:11]} Kc6 {[%clk
0:00:32]} 46. Kg5 {[%clk 0:03:15]} Bc2 {[%clk 0:00:56]} 47. Kf6 {[%clk 0:03:20]}
Bf5 {[%clk 0:01:05]} 48. a4 {[%clk 0:03:29]} Kd7 {[%clk 0:00:58]} 49. b5 {[%clk
0:02:07]} Bc2 {[%clk 0:01:01]} 50. a5 {[%clk 0:01:50]} Bd3 {[%clk 0:01:02]} 51.
a6 {[%clk 0:01:53]} Bxb5 {[%clk 0:00:46]} 52. a7 {[%clk 0:02:19]} Bc6 {[%clk
0:01:09]} 53. Kxg6 {[%clk 0:02:40]} Ke8 {[%clk 0:01:04]} 54. Kxh5 {[%clk
0:02:55]} Kf7 {[%clk 0:01:29]} 55. Kh6 {[%clk 0:02:54]} Bb7 {[%clk 0:01:34]} 56.
g4 {[%clk 0:03:12]} Be4 {[%clk 0:01:35]} 57. g5 {[%clk 0:03:33]} Kg8 {[%clk
0:01:57]} 58. g6 {[%clk 0:03:24]} Kh8 {[%clk 0:02:06]} 59. Bd8 {[%clk 0:03:25]}
Kg8 {[%clk 0:02:27]} 60. Bf6 {[%clk 0:03:29]} Bc6 {[%clk 0:02:46]} 61. Kg5 {[%clk
0:03:30]} Kf8 {[%clk 0:02:23]} 62. h4 {[%clk 0:03:46]} Kg8 {[%clk 0:02:39]} 63.
h5 {[%clk 0:04:09]} Kf8 {[%clk 0:02:28]} 64. h6 {[%clk 0:04:33]} Bb5 {[%clk
0:02:40]} 65. a8Q+ {[%clk 0:04:48]} Be8 {[%clk 0:03:03]} 66. g7+ {[%clk 0:04:54]}
Kf7 {[%clk 0:03:22]} 67. g8Q+ {[%clk 0:05:03]} Kxg8 {[%clk 0:03:45]} 68. Qxe8+
{[%clk 0:05:25]} 1-0

[Event "U12 Polish Youth Championship"]
[Site "chess24.com"]
[Date "2018.05.02"]
[Round "5"]
[White "Taranowicz, Michal"]
[Black "Herwy, Jakub"]
[Result "0-1"]
[Board "14"]
[WhiteElo "1487"]
[WhiteCountry "POL"]
[WhiteFideId "21859191"]
[WhiteEloChange "-7"]
[BlackElo "1590"]
[BlackCountry "POL"]
[BlackFideId "21852855"]
[BlackEloChange "7"]

1. e4 {[%clk 1:30:58]} c5 {[%clk 1:30:56]} 2. Nf3 {[%clk 1:31:25]} e6 {[%clk
1:31:22]} 3. d4 {[%clk 1:31:50]} cxd4 {[%clk 1:31:49]} 4. Nxd4 {[%clk 1:32:15]}
a6 {[%clk 1:32:14]} 5. Be3 {[%clk 1:32:26]} Qc7 {[%clk 1:32:29]} 6. Be2 {[%clk
1:31:45]} Nf6 {[%clk 1:32:54]} 7. Nc3 {[%clk 1:31:48]} Bb4 {[%clk 1:33:20]} 8.
O-O {[%clk 1:31:02]} Bxc3 {[%clk 1:33:40]} 9. bxc3 {[%clk 1:31:25]} Nxe4 {[%clk
1:34:07]} 10. Bd3 {[%clk 1:30:33]} Nxc3 {[%clk 1:34:25]} 11. Qg4 {[%clk 1:30:20]}
g6 {[%clk 1:33:00]} 12. f4 {[%clk 1:26:38]} Nd5 {[%clk 1:32:06]} 13. Bd2 {[%clk
1:26:21]} Qc5 {[%clk 1:32:23]} 14. f5 {[%clk 1:24:23]} Nc6 {[%clk 1:32:09]} 15.
c3 {[%clk 1:23:09]} Ne5 {[%clk 1:22:23]} 16. Qg3 {[%clk 1:19:06]} Nxd3 {[%clk
1:22:45]} 17. Qxd3 {[%clk 1:19:21]} e5 {[%clk 1:23:04]} 18. fxg6 {[%clk 1:12:42]}
hxg6 {[%clk 1:20:52]} 19. Rae1 {[%clk 1:12:56]} d6 {[%clk 1:21:15]} 20. Kh1
{[%clk 1:12:49]} Ne7 {[%clk 1:18:29]} 21. Qf3 {[%clk 1:02:50]} f5 {[%clk
1:08:59]} 22. Nb3 {[%clk 0:58:34]} Qc6 {[%clk 1:06:06]} 23. Qg3 {[%clk 0:57:05]}
Be6 {[%clk 1:05:05]} 24. Nd4 {[%clk 0:39:31]} Qd7 {[%clk 1:00:52]} 25. Rxe5
{[%clk 0:30:38]} dxe5 {[%clk 1:01:12]} 26. Qxe5 {[%clk 0:31:02]} O-O-O {[%clk
0:54:05]} 27. Nxe6 {[%clk 0:24:14]} Nc6 {[%clk 0:54:15]} 28. Qf6 {[%clk 0:16:05]}
Rde8 {[%clk 0:39:21]} 29. Nd4 {[%clk 0:14:16]} Nxd4 {[%clk 0:37:56]} 30. cxd4
{[%clk 0:14:38]} Qc7 {[%clk 0:37:25]} 31. h3 {[%clk 0:12:58]} Qe7 {[%clk
0:23:04]} 32. Qxg6 {[%clk 0:08:41]} Kb8 {[%clk 0:23:29]} 33. Qxf5 {[%clk
0:06:51]} Ka8 {[%clk 0:22:37]} 34. Qd3 {[%clk 0:05:28]} Reg8 {[%clk 0:21:30]} 35.
d5 {[%clk 0:04:46]} Qg7 {[%clk 0:20:10]} 36. Rf2 {[%clk 0:03:59]} Qa1+ {[%clk
0:20:00]} 37. Kh2 {[%clk 0:04:09]} Qe5+ {[%clk 0:19:53]} 38. Bf4 {[%clk 0:04:15]}
Qe1 {[%clk 0:19:45]} 39. Bg3 {[%clk 0:03:36]} Qe8 {[%clk 0:18:01]} 40. d6 {[%clk
0:03:40]} Qd7 {[%clk 0:17:30]} 41. Rc2 {[%clk 0:03:20]} Rd8 {[%clk 0:17:13]} 42.
Rc7 {[%clk 0:03:00]} Qxc7 {[%clk 0:17:38]} 43. Qe3 {[%clk 0:02:35]} Qc4 {[%clk
0:17:24]} 44. Bf2 {[%clk 0:02:03]} b6 {[%clk 0:16:02]} 45. Qxb6 {[%clk 0:02:04]}
Rd7 {[%clk 0:16:24]} 46. Bg3 {[%clk 0:01:52]} Rb8 {[%clk 0:16:32]} 47. Qe3 {[%clk
0:01:44]} Qc6 {[%clk 0:15:55]} 48. Qd3 {[%clk 0:01:48]} Rb2 {[%clk 0:15:59]} 49.
Qf1 {[%clk 0:02:10]} Rxa2 {[%clk 0:16:16]} 50. h4 {[%clk 0:02:21]} Qd5 {[%clk
0:14:58]} 51. Kh3 {[%clk 0:02:13]} Qe6+ {[%clk 0:14:54]} 52. Kh2 {[%clk 0:02:36]}
Qe2 {[%clk 0:15:14]} 53. Qg1 {[%clk 0:02:16]} Rg7 {[%clk 0:14:32]} 54. d7 {[%clk
0:01:39]} Rxd7 {[%clk 0:14:54]} 55. Kh1 {[%clk 0:01:29]} Rg7 {[%clk 0:15:13]} 56.
h5 {[%clk 0:01:30]} Rxg3 {[%clk 0:15:37]} 57. h6 {[%clk 0:01:16]} Qh5+ {[%clk
0:16:02]} 0-1

[Event "U12 Polish Youth Championship"]
[Site "chess24.com"]
[Date "2018.05.02"]
[Round "5"]
[White "Krahel, Karol"]
[Black "Paszkowski, Krystian"]
[Result "1/2-1/2"]
[Board "15"]
[WhiteElo "1427"]
[WhiteCountry "POL"]
[WhiteFideId "21853517"]
[WhiteEloChange "4"]
[BlackElo "1563"]
[BlackCountry "POL"]
[BlackFideId "21853002"]
[BlackEloChange "-4"]

1. e4 {[%clk 1:30:58]} c5 {[%clk 1:31:00]} 2. Nf3 {[%clk 1:31:21]} e6 {[%clk
1:31:29]} 3. d4 {[%clk 1:31:44]} cxd4 {[%clk 1:31:57]} 4. Nxd4 {[%clk 1:32:07]}
a6 {[%clk 1:32:26]} 5. c4 {[%clk 1:32:28]} Nf6 {[%clk 1:32:53]} 6. Nc3 {[%clk
1:32:51]} Qc7 {[%clk 1:33:17]} 7. Be2 {[%clk 1:32:37]} b6 {[%clk 1:32:37]} 8. Be3
{[%clk 1:32:58]} Bb7 {[%clk 1:32:52]} 9. f3 {[%clk 1:33:07]} d6 {[%clk 1:33:16]}
10. Qd2 {[%clk 1:32:51]} Nbd7 {[%clk 1:33:35]} 11. O-O {[%clk 1:32:55]} Be7
{[%clk 1:33:54]} 12. Rac1 {[%clk 1:31:48]} O-O {[%clk 1:34:10]} 13. b4 {[%clk
1:25:32]} Rac8 {[%clk 1:34:30]} 14. Nb3 {[%clk 1:24:51]} Qb8 {[%clk 1:30:12]} 15.
Rfd1 {[%clk 1:22:57]} Rfd8 {[%clk 1:26:23]} 16. a3 {[%clk 1:15:52]} Bc6 {[%clk
1:22:14]} 17. Bf1 {[%clk 1:00:05]} Re8 {[%clk 1:19:32]} 18. Bf2 {[%clk 0:56:54]}
b5 {[%clk 1:12:01]} 19. Kh1 {[%clk 0:49:17]} Red8 {[%clk 1:09:55]} 20. Bg3 {[%clk
0:42:44]} e5 {[%clk 1:06:53]} 21. Rc2 {[%clk 0:34:05]} bxc4 {[%clk 1:05:24]} 22.
Bxc4 {[%clk 0:33:56]} Bb5 {[%clk 1:05:44]} 23. Bxb5 {[%clk 0:32:57]} axb5 {[%clk
1:06:13]} 24. Rdc1 {[%clk 0:31:56]} Rc7 {[%clk 1:01:54]} 25. Qd3 {[%clk 0:26:46]}
Rdc8 {[%clk 0:59:51]} 26. Bf2 {[%clk 0:18:17]} Ne8 {[%clk 0:54:02]} 27. Nd5
{[%clk 0:14:23]} Rxc2 {[%clk 0:43:27]} 28. Rxc2 {[%clk 0:13:18]} Rxc2 {[%clk
0:40:23]} 29. Qxc2 {[%clk 0:12:28]} Bd8 {[%clk 0:39:05]} 30. Qc6 {[%clk 0:10:35]}
Nef6 {[%clk 0:37:40]} 31. Nxf6+ {[%clk 0:07:39]} Nxf6 {[%clk 0:38:03]} 32. Kg1
{[%clk 0:06:41]} Be7 {[%clk 0:33:55]} 1/2-1/2

[Event "U12 Polish Youth Championship"]
[Site "chess24.com"]
[Date "2018.05.02"]
[Round "5"]
[White "Iwaszkiewicz, Grzegorz"]
[Black "Ciszewski, Krzysztof"]
[Result "0-1"]
[Board "16"]
[WhiteElo "1411"]
[WhiteCountry "POL"]
[WhiteFideId "21810214"]
[WhiteEloChange "-4"]
[BlackElo "1646"]
[BlackCountry "POL"]
[BlackFideId "21853509"]
[BlackEloChange "4"]

1. d4 {[%clk 1:30:30]} Nf6 {[%clk 1:30:49]} 2. c4 {[%clk 1:30:44]} c5 {[%clk
1:30:49]} 3. d5 {[%clk 1:31:09]} b5 {[%clk 1:31:14]} 4. cxb5 {[%clk 1:31:33]} a6
{[%clk 1:31:38]} 5. bxa6 {[%clk 1:31:48]} Bxa6 {[%clk 1:31:53]} 6. Nc3 {[%clk
1:31:48]} d6 {[%clk 1:32:18]} 7. e4 {[%clk 1:32:07]} Bxf1 {[%clk 1:32:37]} 8.
Kxf1 {[%clk 1:32:27]} g6 {[%clk 1:32:36]} 9. Nf3 {[%clk 1:32:46]} Bg7 {[%clk
1:32:56]} 10. g3 {[%clk 1:33:11]} O-O {[%clk 1:32:55]} 11. Kg2 {[%clk 1:33:36]}
Nbd7 {[%clk 1:32:33]} 12. a4 {[%clk 1:33:40]} Qb6 {[%clk 1:32:12]} 13. Bf4 {[%clk
1:31:56]} Qxb2 {[%clk 1:30:48]} 14. Nb5 {[%clk 1:26:17]} Nxe4 {[%clk 1:30:37]}
15. Rb1 {[%clk 1:06:40]} Qxf2+ {[%clk 1:30:04]} 16. Kh3 {[%clk 1:07:00]} Qa2
{[%clk 1:27:27]} 17. Be3 {[%clk 1:06:43]} Qxa4 {[%clk 1:26:18]} 18. Qd3 {[%clk
1:05:39]} Nef6 {[%clk 1:23:35]} 19. Bf4 {[%clk 1:05:23]} Qe4 {[%clk 1:20:16]} 20.
Qxe4 {[%clk 1:05:00]} Nxe4 {[%clk 1:19:32]} 21. Rhe1 {[%clk 1:05:09]} Ndf6 {[%clk
1:16:49]} 22. Ng5 {[%clk 1:05:03]} Ra4 {[%clk 1:09:33]} 0-1

[Event "U12 Polish Youth Championship"]
[Site "chess24.com"]
[Date "2018.05.02"]
[Round "5"]
[White "Wilk, Igor"]
[Black "Czernecki, Andrzej"]
[Result "1/2-1/2"]
[Board "17"]
[WhiteElo "1558"]
[WhiteCountry "POL"]
[WhiteFideId "21831580"]
[WhiteEloChange "-4"]
[BlackElo "1418"]
[BlackCountry "POL"]
[BlackFideId "21810117"]
[BlackEloChange "4"]

1. e4 {[%clk 1:30:51]} c5 {[%clk 1:30:57]} 2. Nf3 {[%clk 1:30:54]} Nc6 {[%clk
1:31:20]} 3. d4 {[%clk 1:31:05]} cxd4 {[%clk 1:31:44]} 4. Nxd4 {[%clk 1:31:20]}
Nf6 {[%clk 1:32:12]} 5. Nc3 {[%clk 1:31:08]} d6 {[%clk 1:32:35]} 6. Be2 {[%clk
1:30:58]} e5 {[%clk 1:33:00]} 7. Nxc6 {[%clk 1:30:33]} bxc6 {[%clk 1:33:11]} 8.
Qd3 {[%clk 1:30:19]} Be6 {[%clk 1:32:35]} 9. Qg3 {[%clk 1:27:24]} Qd7 {[%clk
1:27:53]} 10. O-O {[%clk 1:25:19]} Be7 {[%clk 1:24:38]} 11. f4 {[%clk 1:17:55]}
exf4 {[%clk 1:24:37]} 12. Bxf4 {[%clk 1:17:49]} O-O {[%clk 1:19:50]} 13. Kh1
{[%clk 1:11:24]} Ne8 {[%clk 1:09:11]} 14. Rad1 {[%clk 1:06:33]} f6 {[%clk
1:05:42]} 15. b3 {[%clk 0:58:30]} Rd8 {[%clk 1:03:10]} 16. Na4 {[%clk 0:52:32]}
d5 {[%clk 1:02:59]} 17. Qf2 {[%clk 0:47:20]} Bd6 {[%clk 0:56:47]} 18. Nc5 {[%clk
0:41:23]} Qe7 {[%clk 0:55:07]} 19. Nxe6 {[%clk 0:37:43]} Qxe6 {[%clk 0:54:47]}
20. exd5 {[%clk 0:35:58]} cxd5 {[%clk 0:54:17]} 21. Rxd5 {[%clk 0:33:23]} Kh8
{[%clk 0:44:38]} 22. Bc4 {[%clk 0:30:49]} Qe7 {[%clk 0:41:30]} 23. Bxd6 {[%clk
0:27:16]} Nxd6 {[%clk 0:40:41]} 24. Qc5 {[%clk 0:25:15]} Nc8 {[%clk 0:40:38]} 25.
Qxe7 {[%clk 0:24:53]} Nxe7 {[%clk 0:41:05]} 26. Rdd1 {[%clk 0:24:57]} Nc6 {[%clk
0:41:10]} 27. h3 {[%clk 0:23:02]} Nb4 {[%clk 0:40:30]} 28. Bd3 {[%clk 0:19:21]}
Nxa2 {[%clk 0:32:27]} 29. Rf4 {[%clk 0:17:17]} a5 {[%clk 0:22:56]} 30. Rf5 {[%clk
0:15:36]} Nb4 {[%clk 0:16:29]} 31. Rxa5 {[%clk 0:14:50]} Rd4 {[%clk 0:15:20]} 32.
Rc5 {[%clk 0:13:48]} Rfd8 {[%clk 0:14:08]} 33. Rc3 {[%clk 0:11:37]} h6 {[%clk
0:13:35]} 34. Kg1 {[%clk 0:11:38]} g6 {[%clk 0:07:05]} 35. Kf2 {[%clk 0:10:49]}
Nxc2 {[%clk 0:07:11]} 36. Bxc2 {[%clk 0:08:27]} Rxd1 {[%clk 0:07:34]} 37. Bxd1
{[%clk 0:08:53]} Rxd1 {[%clk 0:08:03]} 38. Rc6 {[%clk 0:08:58]} Kg7 {[%clk
0:08:21]} 39. Rc7+ {[%clk 0:09:17]} Kf8 {[%clk 0:08:18]} 40. Rc6 {[%clk 0:09:22]}
Ke7 {[%clk 0:08:04]} 41. Rc7+ {[%clk 0:09:34]} Ke6 {[%clk 0:08:16]} 42. Rb7
{[%clk 0:09:24]} h5 {[%clk 0:08:08]} 43. Ke2 {[%clk 0:09:43]} Rd5 {[%clk
0:06:12]} 44. b4 {[%clk 0:09:27]} 1/2-1/2

[Event "U12 Polish Youth Championship"]
[Site "chess24.com"]
[Date "2018.05.02"]
[Round "5"]
[White "Jedraszek, Pawel"]
[Black "Pancewicz, Szymon"]
[Result "1/2-1/2"]
[Board "18"]
[WhiteElo "1514"]
[WhiteCountry "POL"]
[WhiteFideId "21833710"]
[WhiteEloChange "-5"]
[BlackElo "1337"]
[BlackCountry "POL"]
[BlackFideId "21852995"]
[BlackEloChange "5"]

1. e4 {[%clk 1:30:58]} c5 {[%clk 1:30:56]} 2. Nf3 {[%clk 1:31:20]} e6 {[%clk
1:31:21]} 3. d4 {[%clk 1:31:32]} cxd4 {[%clk 1:31:38]} 4. Nxd4 {[%clk 1:31:53]}
Nf6 {[%clk 1:32:03]} 5. Bd3 {[%clk 1:32:08]} Nc6 {[%clk 1:32:22]} 6. Nxc6 {[%clk
1:31:54]} bxc6 {[%clk 1:32:26]} 7. c4 {[%clk 1:31:59]} e5 {[%clk 1:26:13]} 8. Be3
{[%clk 1:31:15]} Rb8 {[%clk 1:17:50]} 9. b3 {[%clk 1:28:00]} Bb4+ {[%clk
1:16:29]} 10. Nd2 {[%clk 1:25:06]} Qa5 {[%clk 1:10:24]} 11. O-O {[%clk 1:23:12]}
O-O {[%clk 1:07:58]} 12. a3 {[%clk 1:11:13]} Bxd2 {[%clk 1:02:10]} 13. Bxd2
{[%clk 1:11:02]} Qb6 {[%clk 1:00:46]} 14. b4 {[%clk 1:10:29]} d5 {[%clk 0:54:40]}
15. exd5 {[%clk 0:56:02]} cxd5 {[%clk 0:50:53]} 16. cxd5 {[%clk 0:54:16]} Nxd5
{[%clk 0:47:49]} 17. Re1 {[%clk 0:43:42]} Be6 {[%clk 0:42:03]} 18. Qf3 {[%clk
0:39:41]} Qd4 {[%clk 0:39:22]} 19. Qe4 {[%clk 0:38:06]} Qxe4 {[%clk 0:38:19]} 20.
Bxe4 {[%clk 0:38:25]} Rfd8 {[%clk 0:37:14]} 21. Bxd5 {[%clk 0:36:44]} Rxd5 {[%clk
0:36:04]} 22. Be3 {[%clk 0:29:11]} a6 {[%clk 0:29:44]} 23. h3 {[%clk 0:27:44]} f6
{[%clk 0:28:29]} 24. Rec1 {[%clk 0:23:28]} Rc8 {[%clk 0:21:57]} 25. Rxc8+ {[%clk
0:22:59]} Bxc8 {[%clk 0:19:54]} 26. Rc1 {[%clk 0:23:21]} Bd7 {[%clk 0:20:12]} 27.
Rc3 {[%clk 0:22:09]} Bb5 {[%clk 0:19:23]} 28. Kh2 {[%clk 0:18:55]} Kf7 {[%clk
0:19:11]} 29. g4 {[%clk 0:16:02]} Ke6 {[%clk 0:16:05]} 30. Kg3 {[%clk 0:15:09]}
Rd3 {[%clk 0:15:52]} 31. Rxd3 {[%clk 0:15:31]} Bxd3 {[%clk 0:16:16]} 1/2-1/2

[Event "U12 Polish Youth Championship"]
[Site "chess24.com"]
[Date "2018.05.02"]
[Round "5"]
[White "Grzadka, Artur"]
[Black "Kycia, Marek"]
[Result "1/2-1/2"]
[Board "19"]
[WhiteElo "1269"]
[WhiteCountry "POL"]
[WhiteFideId "21836736"]
[WhiteEloChange "5"]
[BlackElo "1460"]
[BlackCountry "POL"]
[BlackFideId "21863580"]
[BlackEloChange "-5"]

1. e4 {[%clk 1:30:57]} d5 {[%clk 1:30:54]} 2. exd5 {[%clk 1:31:22]} Nf6 {[%clk
1:31:19]} 3. d4 {[%clk 1:31:46]} Nxd5 {[%clk 1:31:42]} 4. c4 {[%clk 1:31:24]} Nb6
{[%clk 1:32:02]} 5. c5 {[%clk 1:31:35]} N6d7 {[%clk 1:32:26]} 6. Nf3 {[%clk
1:31:32]} e6 {[%clk 1:32:10]} 7. Be3 {[%clk 1:31:38]} Be7 {[%clk 1:31:26]} 8. Bd3
{[%clk 1:31:16]} Nc6 {[%clk 1:31:19]} 9. Bb5 {[%clk 1:29:54]} O-O {[%clk
1:30:13]} 10. O-O {[%clk 1:29:28]} Bf6 {[%clk 1:27:27]} 11. Nc3 {[%clk 1:29:07]}
a6 {[%clk 1:27:10]} 12. Bxc6 {[%clk 1:28:15]} bxc6 {[%clk 1:27:21]} 13. Ne4
{[%clk 1:25:46]} Re8 {[%clk 1:20:32]} 14. Bf4 {[%clk 1:19:56]} Ra7 {[%clk
1:08:31]} 15. Qc2 {[%clk 1:14:09]} Nf8 {[%clk 1:06:55]} 16. Rad1 {[%clk 1:10:26]}
Ng6 {[%clk 1:06:36]} 17. Bg3 {[%clk 1:06:57]} Qe7 {[%clk 1:04:55]} 18. Rfe1
{[%clk 1:04:41]} Kh8 {[%clk 0:58:10]} 19. Qa4 {[%clk 0:58:19]} Bd7 {[%clk
0:52:46]} 20. Qa5 {[%clk 0:57:19]} Bc8 {[%clk 0:52:30]} 21. Rd3 {[%clk 0:51:21]}
Bh4 {[%clk 0:50:24]} 22. Rdd1 {[%clk 0:46:18]} Bxg3 {[%clk 0:50:10]} 23. Nxg3
{[%clk 0:46:16]} Qf6 {[%clk 0:40:08]} 24. Qc3 {[%clk 0:44:41]} a5 {[%clk
0:36:28]} 25. Qc2 {[%clk 0:42:01]} Ba6 {[%clk 0:34:24]} 26. a4 {[%clk 0:40:06]}
Rb7 {[%clk 0:32:44]} 27. Qe4 {[%clk 0:38:52]} Reb8 {[%clk 0:30:42]} 28. Qxc6
{[%clk 0:36:20]} Bc4 {[%clk 0:30:02]} 29. Qe4 {[%clk 0:23:45]} Bd5 {[%clk
0:28:42]} 30. Qd3 {[%clk 0:20:20]} Rb3 {[%clk 0:25:29]} 31. Qd2 {[%clk 0:16:08]}
Rxf3 {[%clk 0:23:17]} 32. Nh5 {[%clk 0:11:51]} Qf5 {[%clk 0:18:21]} 33. Ng3
{[%clk 0:08:50]} Rxg3 {[%clk 0:15:25]} 34. hxg3 {[%clk 0:09:15]} Rb4 {[%clk
0:14:41]} 35. Qe2 {[%clk 0:06:54]} Rc4 {[%clk 0:13:50]} 36. Rd2 {[%clk 0:06:45]}
h6 {[%clk 0:13:21]} 37. b3 {[%clk 0:06:47]} Rb4 {[%clk 0:10:56]} 38. Qa6 {[%clk
0:06:43]} Rxb3 {[%clk 0:10:58]} 39. Qxa5 {[%clk 0:06:39]} c6 {[%clk 0:10:00]} 40.
Qa6 {[%clk 0:06:51]} Rb1 {[%clk 0:10:02]} 41. Rdd1 {[%clk 0:06:56]} Rxd1 {[%clk
0:09:56]} 42. Rxd1 {[%clk 0:07:23]} Qg4 {[%clk 0:09:10]} 43. Qf1 {[%clk 0:07:25]}
Bc4 {[%clk 0:08:48]} 44. Qe1 {[%clk 0:07:24]} Bd5 {[%clk 0:08:09]} 1/2-1/2

[Event "U12 Polish Youth Championship"]
[Site "chess24.com"]
[Date "2018.05.02"]
[Round "5"]
[White "Pazdzierz, Piotr"]
[Black "Zalega, Maciej"]
[Result "1-0"]
[Board "20"]
[WhiteElo "1440"]
[WhiteCountry "POL"]
[WhiteFideId "21810419"]
[WhiteEloChange "6"]
[BlackElo "1309"]
[BlackCountry "POL"]
[BlackFideId "21858284"]
[BlackEloChange "-6"]

1. e4 {[%clk 1:30:55]} c5 {[%clk 1:30:59]} 2. Nf3 {[%clk 1:31:18]} d6 {[%clk
1:31:26]} 3. d4 {[%clk 1:31:40]} cxd4 {[%clk 1:31:54]} 4. Nxd4 {[%clk 1:32:03]}
Nf6 {[%clk 1:32:21]} 5. Nc3 {[%clk 1:32:19]} Nc6 {[%clk 1:32:48]} 6. Be2 {[%clk
1:22:53]} e5 {[%clk 1:31:08]} 7. Nb3 {[%clk 1:18:02]} Be7 {[%clk 1:30:00]} 8. Be3
{[%clk 1:17:03]} O-O {[%clk 1:28:29]} 9. O-O {[%clk 1:09:25]} a5 {[%clk 1:27:19]}
10. f3 {[%clk 1:04:30]} Be6 {[%clk 1:25:09]} 11. Nd5 {[%clk 0:56:13]} Bxd5 {[%clk
1:24:03]} 12. exd5 {[%clk 0:55:34]} Nb4 {[%clk 1:19:41]} 13. c4 {[%clk 0:54:24]}
b5 {[%clk 1:05:23]} 14. a3 {[%clk 0:50:45]} bxc4 {[%clk 0:56:08]} 15. Bxc4 {[%clk
0:44:24]} Na6 {[%clk 0:52:03]} 16. Qd3 {[%clk 0:43:26]} Nc7 {[%clk 0:47:22]} 17.
a4 {[%clk 0:33:11]} Qb8 {[%clk 0:46:05]} 18. Qd2 {[%clk 0:26:45]} Bd8 {[%clk
0:42:00]} 19. Nxa5 {[%clk 0:21:48]} Ncxd5 {[%clk 0:25:34]} 20. Nc6 {[%clk
0:20:35]} Ba5 {[%clk 0:25:26]} 21. Nxb8 {[%clk 0:07:45]} Bxd2 {[%clk 0:25:45]}
22. Bxd2 {[%clk 0:07:33]} Rfxb8 {[%clk 0:26:07]} 23. b3 {[%clk 0:07:10]} Kf8
{[%clk 0:22:51]} 24. Rfd1 {[%clk 0:05:23]} Nc7 {[%clk 0:18:08]} 25. b4 {[%clk
0:02:31]} d5 {[%clk 0:17:27]} 26. Be2 {[%clk 0:02:18]} d4 {[%clk 0:17:19]} 27.
Bd3 {[%clk 0:01:33]} h6 {[%clk 0:16:39]} 28. b5 {[%clk 0:01:32]} Ke8 {[%clk
0:14:00]} 29. Re1 {[%clk 0:01:09]} Nd7 {[%clk 0:14:03]} 30. Be4 {[%clk 0:01:12]}
Ra7 {[%clk 0:13:27]} 31. Bc6 {[%clk 0:01:22]} f6 {[%clk 0:12:41]} 32. Bb4 {[%clk
0:01:16]} h5 {[%clk 0:10:48]} 33. Bc5 {[%clk 0:01:18]} Rab7 {[%clk 0:09:10]} 34.
Bxd4 {[%clk 0:01:23]} Rb6 {[%clk 0:08:43]} 35. Bxb6 {[%clk 0:01:33]} Rxb6 {[%clk
0:09:00]} 36. Red1 {[%clk 0:01:56]} 1-0